000 00724nam a2200229 a 4500
001 59255
003 BD-RjUL
005 20211209080717.0
008 161222r19641959nyuab 001 0 eng d
035 _a(BD-RjUL)59379
040 _aDLC
_cDLC
_dDLC
_dBD-RjUL
_beng
041 _aeng
082 0 0 _a341.11
_bGON 1964
_223
100 1 _aGoodspeed, Stephen S.
_911995
245 1 4 _aThe nature and function of international organization /
_c Stephen S. Goodspeed.
260 _aNew York :
_bOxford University Press,
_cc1959 [ Fourth printing 1964 ]
300 _axii, 676 p. :
_bill. ;
_c23 cm.
500 _aIncludes Index
610 2 0 _aUnited Nations.
_9172816
650 0 _aInternational organization.
_96404
942 _2ddc
_cBK
999 _c59255
_d59255